000
00294nam a2200121Ia 4500
008
191201s2008 xx 000 0 und d
100
_a
BHAVIKATI,SS
245
0
_a
Strength of Materials
250
_a
Rep
260
_c
2008
_b
Vikas Publication House
_a
NEW DELHI
300
_a
408
942
_2
ddc
_c
BK
999
_c
8075
_d
8075